00720nam a22001337a 4500008004000000050002900040245017100069260010600240300004900346440003500395504003600430650007100466700004900537140805t mx||||| |||| 00| 0 spa d04aSD390 .3 .M53 bH47 1989 aDeterminación del uso actual y potencial del suelo forestal de la comunidad indígena de Cherán c/ Ma. Teresa Hernandez Díaz, Alberto Fco. Gómez Tagle Rojas a[Morelia, Michoacán de Ocampo], bMéxico Comisión Forestal del Estado de Michoacán, c[1989]. a138 p., [5]h. pleg. :bils., maps. ;c23 cm.0 aTécnicas ; vNo.5. Epoca 3a. aIncluye bibliografía p. 60-63 72LEMBaSuelos forestaleszCherán, Michoacán de Ocampo, México1 aGómez Tagle Rojas , Alberto Fco., ecoaut.